000 00547nam a2200217Ia 4500
003 OSt
005 20221005125938.0
006 a|||||r|||| 00| 0
007 ta
008 221004b |||||||| |||| 00| 0 eng d
024 _a118660
037 _cTextual
040 _aCRL
_cCRL
_beng
041 _2eng
_aeng
100 _aCamatini Ezio
_9637369
245 0 _aProgress in electrooptics
_b Reviews of recent developments
260 _c1975
650 _aGENERAL
_9592526
942 _cTEXL
_2cc
999 _c1055584
_d1055584